| 000 | 01144nam0a22002891 4500 | ||
|---|---|---|---|
| 001 | rc\4392818 | ||
| 005 | 20130416145928.7 | ||
| 021 |
_aRU _b[61-9813] |
||
| 035 | _a(NLR Aleph) 008214625 | ||
| 090 |
_a8118083 _c8118083 |
||
| 100 | _a20130416d1960 |||y0rusy50 ca | ||
| 101 | 0 | _arus | |
| 102 | _aRU | ||
| 105 | _ay z ||||| | ||
| 200 | 1 |
_aСемена и их подготовка к посеву _fИркут. обл. упр. сел. хозяйства. Вост.-Сиб. филиал СО АН СССР. Иркут. правл. Науч.-техн. о-ва сел. и лесного хозяйства |
|
| 210 |
_aИркутск _cБ. и. _d1960 |
||
| 215 |
_a38 с. _d20 |
||
| 300 | _aПеред загл. авт.: К.Н. Данович, М.Н. Новак, Б.П. Сендарович. На обл. авт. не указаны | ||
| 606 |
_aСемена _xПодготовка к посеву _2psbo |
||
| 700 | 1 |
_aДанович _bК. Н. |
|
| 701 | 1 |
_aНовак _bМ. Н. |
|
| 701 | 1 |
_aСендарович _bБ. П. |
|
| 801 | 0 |
_aRU _bNLR _gpsbo |
|
| 801 | 1 |
_aRU _bELAR _2rusmarc |
|
| 852 |
_aNLR _j61-4/2495 |
||
| 942 | _cBOOK | ||
| 980 | _aNB | ||